000 01357cam a2200217 4500
001 ABS66740
008 030521n2003 000 0 eng u
035 _a(Sirsi) u122361
245 _aBayoumi v Women's Total Abstinence Union Ltd and another
260 _c2003
490 _aWeekly Law Reports
_v[2003] 2 WLR 1287-1295(9)
520 _a[2003] EWHC 212 (Ch), 21 January 2003. Second defendant entered into a contract to purchase property from first defendant (W), a registered charity. Second defendant assigned benefit of contract to claimant (B). W did not comply with requirements of the Charities Act 1993 s36(3) by failing to obtain a surveyor's report prior to entering into agreement to sell. B sought a summary order of specific performance of contract relying on s37(4) which validated disposition of land to purchaser in good faith. Summary judgment granted in favour of W. On appeal, held that s37(4) did not operate to validate an unaffected contract for sale. Contract was void for non-compliance with requirements of s36(3). Appeal dismissed.
590 _aABS
650 _aBAYOUMI V WOMEN TOTAL ABSTINENCE UNION LTD AND ANOTHER
650 _aCHARITIES ACT 1993 S36(3)
650 _aCHARITIES ACT 1993 S37(4)
650 _aSPECIFIC PERFORMANCE
650 _aCONTRACT
690 _aPROPERTY AND LAND LAW-CASE LAW
942 _n0
999 _c72719
_d72719